| 000 | 02086nam a22002537a 4500 | ||
|---|---|---|---|
| 001 | BH32728 | ||
| 003 | ES-SlBCS | ||
| 005 | 20260702091400.0 | ||
| 008 | 260702s1773 sp 1 spa | ||
| 040 |
_aES-SIBCS _bspa |
||
| 041 | 1 |
_aspa _hfre |
|
| 100 | 1 |
_aGiroust, Jacques _916659 |
|
| 245 | 1 | 3 |
_aEl pecador sin escusa ó los falsos pretextos con que suspende su conversión, _cen sermones de Adviento, utiles a toda clase de personas, predicados en Idioma Francés por el R.mo P. Santiago Giroust, y traducidos al español por el Doctor D. Domingo Antonio González de la Portilla, Proto-Notario Apostolico, &c. _nTomo primero |
| 260 | 1 |
_aMadrid : _bEn la Imprenta de Pedro Marin _c, 1773 |
|
| 300 |
_a[6], 468, p. ; _c15 cm |
||
| 500 | _aGrabado en portada | ||
| 505 |
_aContenido: _tPrimera escusa del Pecador. Aunque peque, qué me sucederá? Sermon sobre el Juicio final 1 Segunda escusa del Pecador. No puedo cumplir siempre con la Ley Divina. Sermon sobre la observancia de la Ley de Dios 65 Tercera escusa del pecador. No me acusa mi conciencia. Sermon sobre la falsa paz de la conciencia 117 Quarta escusa del Pecador. Sermon sobre los falsos deseos de la salvacion 166 Quinta escusa del Pecador. No viven diversamente, que yo en el mundo. Sermon sobre la reprehensible costumbre 224 Sexta escusa del Pecador. Quién sabe si mi Religion es la verdadera? Sermon sobre la infalible verdad de la Religion Christiana 273 Septima escusa del Pecador. Son demasiado difíciles las obligaciones del Christiano. Sermon sobre la suavidad y dulzura del servicio de Dios 325 Octava escusa del Pecador. Para salvarme bastame no pecar. Sermon sobre la vida inutil del mundo 373 Nona escusa del Pecador. Aún es demasiado presto, o ya es demasiado tarde. Sermon sobre la dilacion de la penitencia 416 |
||
| 561 | _aSan Gregorio (Valladolid) | ||
| 561 | _aConvento de Jerez | ||
| 650 |
_aOratoria Sagrada _vSermones Temáticos _yObras anteriores a 1800 _916660 |
||
| 700 | 1 |
_aGonzález de la Portilla, Domingo Antonio _etrad. _916661 |
|
| 752 |
_aEspaña _dMadrid |
||
| 942 |
_2lcc _cLA |
||
| 999 |
_c18524 _d21755 |
||